| 000 | 00920nam a22002297a 4500 | ||
|---|---|---|---|
| 001 | 72972 | ||
| 003 | BD-RjUL | ||
| 005 | 20211209082332.0 | ||
| 008 | 170525s2008 bg a|||| |||| 00| 0 ben d | ||
| 020 | _c : Tk. : 450.00 | ||
| 035 | _a(BD-RjUL)73190 | ||
| 040 |
_aBD-RjUL _bben _cBD-RjUL |
||
| 041 | _aben | ||
| 082 |
_223 _a954.924 _bJES 2008 |
||
| 110 | 2 | _4জেলা প্রশাসন, শেরপুর | |
| 245 | 1 | 0 | _aশেরপুর জেলা পরিচিতি. |
| 260 |
_aঢাকা : _bজেলা প্রশাসন, শেরপুর ও জেলা উন্নয়ন কমিটি, _c২০০৮. |
||
| 300 |
_a৩২৮ পৃ. : _bচিত্র ; _c২২ সেমি. |
||
| 651 |
_aবাংলাদেশ, শেরপুর _xইতিহাস ও সমালোচনা _9215825 |
||
| 651 |
_aBangladesh, Sherpur _xHistory and criticism _9215826 |
||
| 942 |
_2ddc _cBK |
||
| 999 |
_c72972 _d72972 |
||